• 首页
  • 本馆介绍
  • 公告通知
  • 最新文献
  • 馆藏检索
  • 电子资源
  • 读者导购
  • 参考咨询
  • 我的图书馆
  • 登录
  • 详细信息显示
  • 放入我的书架
  • 预约/预借图书
  • 作者相关作品
  • 分类相关作品
  • 丛书相关作品
  • 出版社相关作品

书目信息

  • 表格格式
  • 工作单格式
  • 卡片格式
题名:
新闻写作实训教程
    
 
作者: 宋庚一 主编
分册:  
出版信息: 上海   上海交通大学出版社  2019.9
页数: 131页
开本: 26cm
丛书名:
单 册:
中图分类: G212.2
科图分类:
主题词: 新闻写作--高等职业教育--教材
电子资源:
ISBN: 978-7-313-21731-8
000 00918nam0 2200265 45
001 012001004073
005 20140926110616.0
010    @a978-7-313-21731-8@dCNY48.00
099    @aCAL 012019149094
100    @a20190930d2019 em y0chiy0110 ea
101 0  @achi
102    @aCN@b310000
105    @ay a 000yy
106    @ar
200 1  @a新闻写作实训教程@Axin wen xie zuo shi xun jiao cheng@f宋庚一主编
210    @a上海@c上海交通大学出版社@d2019.9
215    @a131页@d26cm
300    @a高职高专传媒艺术专业创新实践系列教材
320    @a有书目 (第130-131页)
330    @a本书介绍了新闻报道的基本知识和消息的基本构成,重点介绍了常见的新闻体裁通信、特写、专访、电视新闻等体裁的写作,着重向学习者传授、训练各种新闻文体的写作方法。
606 0  @a新闻写作@x高等职业教育@j教材
690    @aG212.2@v5
701  0 @a宋庚一@Asong geng yi@4主编
801    @aCN@bAHXH@c20210922
905    @b1329262-6@dG212.2@e1015@f5
    
    新闻写作实训教程/宋庚一主编.-上海:上海交通大学出版社,2019.9
    131页;26cm
    高职高专传媒艺术专业创新实践系列教材
    
    ISBN 978-7-313-21731-8:CNY48.00
    本书介绍了新闻报道的基本知识和消息的基本构成,重点介绍了常见的新闻体裁通信、特写、专访、电视新闻等体裁的写作,着重向学习者传授、训练各种新闻文体的写作方法。
●
相关链接 在E读中查询图书 在五车中查询图书 在当当中查询图书 在豆瓣中查询图书


正题名:新闻写作实训教程     索取号:G212.2/1015         预约/预借

序号 登录号 条形码 馆藏地/架位号 状态 备注
1 1329262   213292621   第一样本阅览室/ [索取号:G212.2/1015] 在馆    
2 1329263   213292630   教育系资料室/ [索取号:G212.2/1015] 在馆    
3 1329264   213292649   教育系资料室/ [索取号:G212.2/1015] 在馆    
4 1329265   213292658   第四借阅区/ [索取号:G212.2/1015] 在馆    
5 1329266   213292667   第四借阅区/ [索取号:G212.2/1015] 在馆    
唐山师范学院图书馆 欢迎您!
大连网信软件有限公司© 版权所有